Specification for tunneling / (Record no. 532632)

000 -LEADER
fixed length control field 00320nam a22001337a 4500
003 - CONTROL NUMBER IDENTIFIER
control field NUST
038 ## - RECORD CONTENT LICENSOR
Staff Name M.Ramzan
082 ## - DEWEY DECIMAL CLASSIFICATION NUMBER
Classification number 624.193
Author Mark BTS
100 ## - MAIN ENTRY--PERSONAL NAME
Personal name British Tunneling Society
9 (RLIN) 26260
245 ## - TITLE STATEMENT
Title Specification for tunneling /
260 ## - PUBLICATION, DISTRIBUTION, ETC.
Place of publication, distribution, etc. London:
Name of publisher, distributor, etc. Thomas Telford,
Date of publication, distribution, etc. 2010.
300 ## - PHYSICAL DESCRIPTION
Extent 184 p, :
942 ## - ADDED ENTRY ELEMENTS (KOHA)
Source of classification or shelving scheme
Koha item type Book
Holdings
Withdrawn status Lost status Source of classification or shelving scheme Damaged status Not for loan Permanent Location Current Location Date acquired Total Checkouts Full call number Barcode Date last seen Price effective from Koha item type
          School of Civil and Environmental Engineering (SCEE) School of Civil and Environmental Engineering (SCEE) 11/26/2019   624.193 BTS NIT-10012 11/26/2019 11/26/2019 Book
© 2023 Central Library, National University of Sciences and Technology. All Rights Reserved.